[Event "Salon de Provence op 5th"]
[Site "Salon de Provence"]
[Date "2014.07.08"]
[Round "4"]
[White "Fournier, Alain"]
[Black "Bregier, Gerard"]
[Result "1-0"]
[WhiteElo "1697"]
[BlackElo "1480"]
[PlyCount "63"]
[EventDate "2014.07.05"]
[EventType "swiss"]
[EventRounds "9"]
[EventCountry "FRA"]
[SourceTitle "EXT 2015"]
[Source "ChessBase"]
[SourceDate "2014.11.20"]
[SourceVersion "1"]
[SourceVersionDate "2014.11.20"]
[SourceQuality "1"]

1. d4 Nf6 2. Nf3 g6 3. Bf4 d5 4. Nbd2 Bg7 5. e3 Nh5 6. Bg5 h6 7. Bh4 g5 8. Ne5 Nf6 9. Bg3 Nbd7 10. f4 Nxe5 11. fxe5 Ng4 12. Qf3 h5 13. 0-0-0 h4 14. Be1 c6 15. h3 Nh6 16. Be2 Nf5 17. Rf1 Be6 18. Nb3 b6 19. e4 Nh6 20. Bd2 g4 21. hxg4 Bxg4 22. Qf2 f6 23. Bxg4 Nxg4 24. Qf5 Nh6 25. Qg6+ Kf8 26. exf6 exf6 27. Bb4+ Kg8 28. e5 f5 29. g4 Nxg4 30. Rxf5 Ne3 31. Qf7+ Kh7 32. Rh5# 1-0

[Event "Salon de Provence op 5th"]
[Site "Salon de Provence"]
[Date "2014.07.07"]
[Round "3"]
[White "Bregier, Gerard"]
[Black "Boyer, Jean Francois"]
[Result "1/2-1/2"]
[WhiteElo "1480"]
[BlackElo "1780"]
[PlyCount "83"]
[EventDate "2014.07.05"]
[EventType "swiss"]
[EventRounds "9"]
[EventCountry "FRA"]
[SourceTitle "EXT 2015"]
[Source "ChessBase"]
[SourceDate "2014.11.20"]
[SourceVersion "1"]
[SourceVersionDate "2014.11.20"]
[SourceQuality "1"]

1. d4 d5 2. c4 c6 3. Nf3 Nd7 4. g3 dxc4 5. Bg2 Nb6 6. 0-0 Nf6 7. Nc3 e6 8. Bg5 Be7 9. Re1 h6 10. Bxf6 Bxf6 11. e4 0-0 12. Qc2 Qc7 13. e5 Be7 14. Ne4 f5 15. exf6 Bxf6 16. Nxf6+ Rxf6 17. Ne5 Bd7 18. Be4 Be8 19. Nxc4 Nxc4 20. Qxc4 Bf7 21. Qc5 Qb6 22. Qxb6 axb6 23. a4 Bg6 24. Bxg6 Rxg6 25. b4 Rd8 26. Rad1 Kf7 27. f4 Rf6 28. Re4 g5 29. Rf1 gxf4 30. Rfxf4 Ra8 31. Rxf6+ Kxf6 32. Rh4 Rxa4 33. Rxh6+ Kf5 34. Rh5+ Kg4 35. Rh4+ Kg5 36. h3 Rxb4 37. Rg4+ Kf5 38. Rf4+ Kg6 39. Re4 Rb3 40. Kf2 Kf7 41. Rf4+ Kg6 42. Rg4+ 1/2-1/2